Di balik ombak

Bibliographic Details
Main Author: Hamdan Raja Abdullah
Format: Book
Published: Kuala Lumpur : Dewan Bahasa Dan Pustaka , 1991
Subjects:

MARC

LEADER 00000cam a2200000 7i4500
001 0000009294
002 000010124
005 20000330.0
020 |a 9836220356 
090 0 0 |a JF   |b HAM 
100 0 |a Hamdan Raja Abdullah 
245 1 0 |a Di balik ombak   |c Hamdan Raja Abdullah 
260 |a Kuala Lumpur :   |b Dewan Bahasa Dan Pustaka ,   |c 1991 
300 |a 164p. ;   |c 18cm. 
650 0 0 |a Children's stories, Malay 
999 |a 039781   |b BUKU   |c PINJAMAN   |e PERPUSTAKAAN KOMUNITI PETALING JAYA